Breve reseña de la música en Talamanca
Uloženo v:
| Hlavní autor: | |
|---|---|
| Médium: | Neznámo |
| Jazyk: | Spanish |
| Vydáno: |
[San José, Costa Rica]
Universidad de Costa Rica. Vicerrectoría de Acción Social
1983
|
| Témata: | |
| Tagy: |
Přidat tag
Žádné tagy, Buďte první, kdo vytvoří štítek k tomuto záznamu!
|
MARC
| LEADER | 000000000a22000000004500 | ||
|---|---|---|---|
| 001 | 001915 | ||
| 003 | CIICLA | ||
| 005 | 20140129171300.0 | ||
| 007 | ta | ||
| 008 | 140129t1983 xxua|cg| |||| 00| 0 spa d | ||
| 040 | |c cru CIICLA Universidad de Costa Rica | ||
| 041 | 0 | |a español | |
| 092 | 0 | |a 781.7 A173b | |
| 100 | 1 | |a Acevedo Vargas, Jorge Luis | |
| 245 | 1 | 0 | |a Breve reseña de la música en Talamanca |c Jorge Luis Acevedo Vargas |
| 260 | |a [San José, Costa Rica] |b Universidad de Costa Rica. Vicerrectoría de Acción Social |c 1983 | ||
| 300 | |a 30 páginas |b retratos, música | ||
| 500 | |a número de inscripción 05686 | ||
| 650 | 4 | |a INDIOS | |
| 650 | 4 | |a MUSICA COSTARRICENSE | |
| 651 | 4 | |a TALAMANCA (LIMON, COSTA RICA) |x HISTORIA | |
| 942 | |2 ddc |c BK | ||
| 999 | |c 2803 |d 2803 | ||
